[Event "Final Absoluto Uruguayo 2009"]
[Site "Montevideo URU"]
[Date "2009.05.16"]
[Round "10.3"]
[White "Oddone, Cristhian"]
[Black "Bustelo, Tabare"]
[Result "1-0"]
[WhiteElo "2347"]
[BlackElo "2196"]
[PlyCount "111"]
[EventDate "2009.05.08"]
[EventType "tourn"]
[EventRounds "11"]
[EventCountry "URU"]
[Source "lmi"]
[SourceDate "2009.05.08"]

1. d4 d5 2. e3 Bf5 3. Bd3 Qd7 4. Nf3 Nc6 5. O-O Nf6 6. c4 Bxd3 7. Qxd3 e6 8.
Nc3 Be7 9. e4 dxe4 10. Nxe4 Rd8 11. Be3 O-O 12. Rad1 Nb4 13. Nxf6+ Bxf6 14. Qb3
Nc6 15. Rd2 Na5 16. Qc2 b6 17. b4 Nc6 18. a3 Ne7 19. Rfd1 a6 20. Bg5 b5 21. Ne5
Qd6 22. Bf4 Qb6 23. d5 exd5 24. cxd5 Bxe5 25. Bxe5 Rd7 26. Qc5 Qb7 27. d6 cxd6
28. Rxd6 Rfd8 29. h3 Rxd6 30. Rxd6 Rxd6 31. Qxd6 f6 32. Qb8+ Qxb8 33. Bxb8 Kf7
34. f3 Ke6 35. Kf2 Kd5 36. g4 Kc4 37. Ke3 g6 38. h4 Nd5+ 39. Ke4 Nc3+ 40. Kf4
Nb1 41. g5 f5 42. Ke5 Nxa3 43. Kf6 Nc2 44. Kg7 Nxb4 45. Kxh7 Nc6 46. Bf4 b4 47.
Kxg6 b3 48. Bc1 Kd3 49. h5 Ne5+ 50. Kf6 Kc2 51. h6 Kxc1 52. h7 Nxf3 53. h8=Q
Nxg5 54. Qc8+ Kb1 55. Qxf5+ Ka1 56. Kxg5 1-0

[Event "Final Absoluto Uruguayo 2009"]
[Site "Montevideo URU"]
[Date "2009.05.16"]
[Round "10.4"]
[White "Donatti, Alvaro"]
[Black "Saralegui, Mario"]
[Result "0-1"]
[WhiteElo "2263"]
[BlackElo "2290"]
[PlyCount "100"]
[EventDate "2009.05.08"]
[EventType "tourn"]
[EventRounds "11"]
[EventCountry "URU"]
[Source "lmi"]
[SourceDate "2009.05.08"]

1. e4 e5 2. Nf3 Nc6 3. Bb5 a6 4. Ba4 Nf6 5. Qe2 b5 6. Bb3 Be7 7. O-O O-O 8. c3
d5 9. exd5 e4 10. Ng5 Na5 11. Bc2 Qxd5 12. Nxe4 Bb7 13. Nxf6+ Bxf6 14. Qg4 c5
15. d4 cxd4 16. cxd4 Qxd4 17. Qh3 g6 18. Nc3 Nc4 19. Bh6 Rfe8 20. Rad1 Qc5 21.
Bc1 Bg7 22. Bb3 h5 23. Rfe1 Bc6 24. Qh4 Na5 25. Be3 Qf5 26. Qf4 Qxf4 27. Bxf4
Nxb3 28. axb3 b4 29. Na4 Bxa4 30. bxa4 Bxb2 31. Be3 Bc3 32. Re2 Rad8 33. Rb1
Rd3 34. g3 a5 35. Kf1 Red8 36. Kg2 Rd1 37. Rb3 Ra8 38. Bb6 Ra1 39. f4 Rxa4 40.
f5 Ra1 41. fxg6 fxg6 42. Re6 Kf7 43. Rc6 a4 44. Rbxc3 bxc3 45. Rxc3 a3 46. Bd4
Rd1 47. Rc7+ Ke6 48. Bc3 a2 49. Rc6+ Kd7 50. Rxg6 a1=Q 0-1

[Event "Final Absoluto Uruguayo 2009"]
[Site "Montevideo URU"]
[Date "2009.05.16"]
[Round "10.5"]
[White "Roselli Mailhe, Bernardo"]
[Black "Coppola, Claudio"]
[Result "1-0"]
[WhiteElo "2484"]
[BlackElo "2223"]
[PlyCount "111"]
[EventDate "2009.05.08"]
[EventType "tourn"]
[EventRounds "11"]
[EventCountry "URU"]
[Source "lmi"]
[SourceDate "2009.05.08"]

1. Nf3 d6 2. d4 Bg4 3. c4 Nd7 4. e3 Ngf6 5. Be2 e5 6. Nc3 c6 7. O-O Be7 8. h3
Bh5 9. b4 O-O 10. a4 Bg6 11. Ba3 Ne4 12. Nxe4 Bxe4 13. Qb3 Bg6 14. Rad1 e4 15.
Nd2 f5 16. f3 Nf6 17. fxe4 fxe4 18. d5 Bf7 19. dxc6 bxc6 20. Qc3 d5 21. c5 Nd7
22. Bg4 Bf6 23. Qc1 Ne5 24. Nxe4 Nxg4 25. hxg4 Be5 26. Bb2 Bxb2 27. Qxb2 Qe7
28. Nd6 Qxe3+ 29. Qf2 Qxf2+ 30. Rxf2 Be6 31. g5 a6 32. Re1 Bd7 33. Re7 Rxf2 34.
Kxf2 Rd8 35. Kg3 Kf8 36. Rf7+ Kg8 37. Kh4 Bh3 38. Rf2 Bd7 39. Kg3 Rf8 40. Re2
Bf5 41. Rd2 Be6 42. Re2 Bf5 43. Rb2 Bd7 44. Rb1 Bf5 45. Rc1 Bd3 46. Rc3 Be2 47.
Re3 Bd1 48. b5 d4 49. Re4 d3 50. b6 d2 51. Rd4 Bxa4 52. Rxd2 Bb5 53. Rf2 Rb8
54. Rf7 a5 55. Ra7 Kf8 56. b7 1-0

[Event "Final Absoluto Uruguayo 2009"]
[Site "Montevideo URU"]
[Date "2009.05.16"]
[Round "10.6"]
[White "Izquierdo, Daniel"]
[Black "Guerrero, Alvaro"]
[Result "0-1"]
[WhiteElo "2395"]
[BlackElo "2313"]
[PlyCount "76"]
[EventDate "2009.05.08"]
[EventType "tourn"]
[EventRounds "11"]
[EventCountry "URU"]
[Source "lmi"]
[SourceDate "2009.05.08"]

1. d4 Nf6 2. Nf3 d6 3. c4 g6 4. Nc3 Bg7 5. e4 O-O 6. Be2 e5 7. d5 Na6 8. O-O
Nc5 9. Qc2 a5 10. b3 Ne8 11. a3 f5 12. Nd2 Nf6 13. f3 Bh6 14. exf5 Be3+ 15. Kh1
gxf5 16. Nde4 Bd4 17. Nxf6+ Qxf6 18. Bb2 f4 19. Ne4 Nxe4 20. fxe4 Be3 21. Bc1
Bd4 22. Bb2 Be3 23. Bc1 Bd4 24. Ra2 Qh4 25. Qd3 Rf6 26. Bd1 Bd7 27. g3 fxg3 28.
Rxf6 Qxf6 29. Qxg3+ Kh8 30. Qf3 Rf8 31. Qxf6+ Rxf6 32. Be2 Rg6 33. h4 Rg1+ 34.
Kh2 Rxc1 35. b4 a4 36. Bd3 Rc3 37. Bf1 Be3 38. Bh3 Bf4+ 0-1

[Event "Final Absoluto Uruguayo 2009"]
[Site "Montevideo URU"]
[Date "2009.05.17"]
[Round "11.1"]
[White "Guerrero, Alvaro"]
[Black "Larrea, Manuel"]
[Result "1-0"]
[WhiteElo "2313"]
[BlackElo "2428"]
[PlyCount "125"]
[EventDate "2009.05.08"]
[EventType "tourn"]
[EventRounds "11"]
[EventCountry "URU"]
[Source "lmi"]
[SourceDate "2009.05.08"]

1. d4 Nf6 2. c4 g6 3. Nc3 Bg7 4. e4 d6 5. f3 O-O 6. Be3 Nc6 7. Nge2 a6 8. Qd2
Rb8 9. Rc1 e5 10. d5 Ne7 11. g4 Bxg4 12. fxg4 Nxg4 13. Bh3 Nxe3 14. Qxe3 f5 15.
O-O c5 16. a4 Kh8 17. Kh1 Ng8 18. Qd3 f4 19. Ng1 h5 20. Be6 g5 21. h3 Nh6 22.
Rc2 Bf6 23. Rg2 b6 24. Qd1 Qe8 25. Nf3 Qe7 26. Qe2 Rg8 27. Nh2 Qe8 28. Rfg1 Rg7
29. Nf3 g4 30. hxg4 Nxg4 31. Nh2 Rh7 32. Bf5 Rh6 33. Nxg4 hxg4+ 34. Rh2 Qh5 35.
Bxg4 Qxh2+ 36. Qxh2 Rxh2+ 37. Kxh2 Rg8 38. Be6 Rxg1 39. Kxg1 a5 40. Nb5 Be7 41.
Na7 Bd8 42. Nc8 Bc7 43. Kg2 Kg7 44. Ne7 Kf6 45. Nc8 Kg5 46. Kf3 Kh4 47. Kg2 Kg5
48. Kh3 Kh5 49. Bf5 Kg5 50. Bg4 Kh6 51. Be2 Kg5 52. Bf3 Kf6 53. Kg4 Kg6 54. Bg2
Kf6 55. Kh5 Kf7 56. Kg5 Ke8 57. Na7 Kf7 58. Nc8 Ke8 59. Kf6 Kd7 60. Bh3+ Kd8
61. Na7 Ke8 62. Bf5 Kd8 63. Nb5 1-0

[Event "Final Absoluto Uruguayo 2009"]
[Site "Montevideo URU"]
[Date "2009.05.17"]
[Round "11.2"]
[White "Coppola, Claudio"]
[Black "Izquierdo, Daniel"]
[Result "1/2-1/2"]
[WhiteElo "2223"]
[BlackElo "2395"]
[PlyCount "156"]
[EventDate "2009.05.08"]
[EventType "tourn"]
[EventRounds "11"]
[EventCountry "URU"]
[Source "lmi"]
[SourceDate "2009.05.08"]

1. d4 d5 2. Nf3 Nf6 3. c4 c6 4. Qc2 e6 5. g3 Be7 6. Bg2 O-O 7. O-O b6 8. b3 Bb7
9. Bb2 Nbd7 10. Nc3 Rc8 11. Rad1 Qc7 12. e4 dxe4 13. Nxe4 Nxe4 14. Qxe4 c5 15.
d5 Bf6 16. Qc2 exd5 17. cxd5 Bxb2 18. d6 Qb8 19. Qxb2 Rfd8 20. Rfe1 Nf6 21. Qe5
Rd7 22. Qf4 Bxf3 23. Bxf3 Rcd8 24. Re7 Rxd6 25. Rxd6 Qxd6 26. Qxd6 Rxd6 27.
Rxa7 g6 28. Re7 Kg7 29. Kf1 Nd5 30. Bxd5 Rxd5 31. Ke2 Rd8 32. Rb7 Ra8 33. a4 c4
34. bxc4 Rxa4 35. Rxb6 Rxc4 36. Kd3 Ra4 37. Rc6 Ra5 38. h4 Rf5 39. Ke3 Kh6 40.
Rc4 Ra5 41. Rc7 Re5+ 42. Kf4 Rf5+ 43. Ke3 Kg7 44. Rc6 Kf8 45. Rc7 Rf6 46. Rc4
Ra6 47. Re4 Ra7 48. Kf4 Kg7 49. Rb4 h6 50. Rb6 Ra5 51. Rc6 Rf5+ 52. Ke3 Kf8 53.
Rc7 Re5+ 54. Kf4 Re2 55. Kf3 Rb2 56. Ra7 Kg7 57. Ra6 Rb7 58. Ra8 Rb6 59. Re8
Kf6 60. Re4 Rb3+ 61. Kf4 Rb5 62. Ra4 Rf5+ 63. Ke3 Re5+ 64. Re4 Kf5 65. g4+ Kf6
66. g5+ hxg5 67. Rxe5 Kxe5 68. hxg5 Kf5 69. f4 Kg4 70. Ke4 Kh4 71. Kd4 Kh5 72.
Kd5 Kg4 73. Ke4 Kg3 74. Ke3 Kg2 75. Ke2 Kh3 76. Kd3 Kh4 77. Kd4 Kh5 78. Kd5 Kg4
1/2-1/2

[Event "Final Absoluto Uruguayo 2009"]
[Site "Montevideo URU"]
[Date "2009.05.17"]
[Round "11.3"]
[White "Saralegui, Mario"]
[Black "Roselli Mailhe, Bernardo"]
[Result "1/2-1/2"]
[WhiteElo "2290"]
[BlackElo "2484"]
[PlyCount "25"]
[EventDate "2009.05.08"]
[EventType "tourn"]
[EventRounds "11"]
[EventCountry "URU"]
[Source "lmi"]
[SourceDate "2009.05.08"]

1. d4 d5 2. c4 e6 3. Nc3 Nf6 4. Bg5 Be7 5. e3 Nbd7 6. Nf3 O-O 7. Rc1 c6 8. Bd3
dxc4 9. Bxc4 Nd5 10. Bxe7 Qxe7 11. O-O Nxc3 12. Rxc3 e5 13. dxe5 1/2-1/2

[Event "Final Absoluto Uruguayo 2009"]
[Site "Montevideo URU"]
[Date "2009.05.17"]
[Round "11.4"]
[White "Bustelo, Tabare"]
[Black "Donatti, Alvaro"]
[Result "0-1"]
[WhiteElo "2196"]
[BlackElo "2263"]
[PlyCount "58"]
[EventDate "2009.05.08"]
[EventType "tourn"]
[EventRounds "11"]
[EventCountry "URU"]
[Source "lmi"]
[SourceDate "2009.05.08"]

1. d4 Nf6 2. Nc3 d5 3. Bg5 Bf5 4. e3 Nbd7 5. Nf3 c6 6. Bd3 Bg6 7. O-O e6 8. Ne5
Be7 9. f4 a6 10. g4 Qc7 11. h4 Bxd3 12. cxd3 h6 13. Bxf6 gxf6 14. Nxd7 Kxd7 15.
Rf2 Rag8 16. Rg2 Rg7 17. Qf3 Rhg8 18. Kh2 f5 19. Rag1 fxg4 20. Rxg4 Rxg4 21.
Rxg4 Rxg4 22. Qxg4 Qb6 23. Nd1 Qb4 24. h5 Qd2+ 25. Kh3 Qxd3 26. Qf3 f5 27. a3
c5 28. Nf2 Qf1+ 29. Kh2 Bh4 0-1

[Event "Final Absoluto Uruguayo 2009"]
[Site "Montevideo URU"]
[Date "2009.05.17"]
[Round "11.5"]
[White "Lopez Falcon, Jorge"]
[Black "Oddone, Cristhian"]
[Result "1-0"]
[WhiteElo "2313"]
[BlackElo "2347"]
[PlyCount "85"]
[EventDate "2009.05.08"]
[EventType "tourn"]
[EventRounds "11"]
[EventCountry "URU"]
[Source "lmi"]
[SourceDate "2009.05.08"]

1. d4 c5 2. d5 e5 3. e4 d6 4. Nc3 a6 5. g3 Be7 6. Bg2 Bg5 7. f4 exf4 8. Nf3 Bg4
9. Bxf4 Bxf3 10. Qxf3 Nh6 11. O-O O-O 12. e5 dxe5 13. Bxe5 Nd7 14. Bf4 Bxf4 15.
Qxf4 Qb6 16. Bh3 Rad8 17. b3 c4+ 18. Qf2 cxb3 19. Bxd7 Qxf2+ 20. Rxf2 Rxd7 21.
axb3 Ng4 22. Re2 Rfd8 23. Rd1 f5 24. Kg2 Nf6 25. Red2 b5 26. Kf3 b4 27. Na4
Rxd5 28. Rxd5 Rxd5 29. Rxd5 Nxd5 30. Nc5 Nc7 31. Kf4 g6 32. Ke5 Kf7 33. Nd3 a5
34. Kd6 Nb5+ 35. Kc5 Na3 36. Ne1 g5 37. Kb6 a4 38. bxa4 f4 39. a5 Nxc2 40. a6
b3 41. Nd3 Nb4 42. a7 Nxd3 43. a8=Q 1-0